000 00608nam a2200193Ia 4500
003 LDD
008 190117s9999 xx 000 0 und d
020 _a9788180314230
_c₹175
040 _cLDD
041 _ahi
082 _a8H3.7 य69252चि
100 _aयशपाल
245 0 _aचित्र का शीर्षक
_cयशपाल
260 _aइलाहाबाद
_bलोकभारती प्रकाशन
_c2010
300 _a118पृ.
901 _aRAJ
904 _aReqst by : J.M. Parakh
942 _2ddc
_cH
999 _c167601
_d167601